| 000 | 00475 a2200145 4500 | ||
|---|---|---|---|
| 001 | 87923 | ||
| 082 | _aPR 254 | ||
| 090 |
_c41391 _d41391 |
||
| 100 | _aJawad Hassan Jaffri; Shakeel Safdar Supervisor | ||
| 245 |
_aStudy/analyze and suggest possible solutions to the effects in the elevator trim system of super mushshak aircraft _nG-66 |
||
| 260 |
_aRisalpur _bNUST _c2009 |
||
| 300 |
_axviii, 140 p. _ewith CD |
||
| 500 | _aBE project reports AE | ||
| 610 | _amushak aircraft | ||
| 942 |
_aCAE NUST _kPR 254 |
||
| 999 |
_c322996 _d322996 |
||